000 00647nam a2200253Ia 4500
001 12324
005 20240113235352.0
007 ta
008 051007s a g b000 u eng u
040 _aCotton College Assam
041 _aeng
082 _a937
_bF 335 El
100 _aFell, R.A.L. .
245 0 _aEtruria and Rome /
_cR.A.L. Fell.
_hTextual Documents
250 _a1st ed. /
260 _aCambridge :
_bCambridge University Press ,
_cnd.
300 _a182p. :
_bill. ;
_c22cm .
504 _aIndex
653 _aHistory-Rome
653 _aG-History
942 _2ddc
_cBK
999 _c12310
_d12310